MARC

LEADER 00000nam0a2200000 4500
001 357736
005 20231102011025.0
035 |a (RuTPU)RU\TPU\retro\15004 
090 |a 357736 
100 |a 20200810d1977 k y0rusy50 ca 
101 0 |a rus 
102 |a RU 
105 |a a z 001zy 
200 1 |a Проблемы разработки угольных пластов в сложных горно-геологических условиях  |e межвузовский сборник  |f Кузбасский политехнический институт ; отв. ред. Е. А. Бобер 
210 |a Кемерово  |c Изд-во КПИ  |d 1977 
215 |a 187 с.  |c ил. 
320 |a Библиогр.: с. 
606 1 |a Угледобыча  |x Системы разработки  |x Подземный способ  |x Горно-геологические условия  |2 stltpush  |3 (RuTPU)RU\TPU\subj\62331  |9 79411 
610 1 |a сложные горно-геологические условия 
610 1 |a Кузбасс 
610 1 |a мощные пласты 
610 1 |a горное давление 
610 1 |a кровля 
610 1 |a смещение 
610 1 |a очистные выемки 
610 1 |a взрывные работы 
610 1 |a геометризация 
610 1 |a графопостроители 
675 |a 622.333:622.272  |v 4 
702 1 |a Бобер  |b Е. А.  |4 340 
712 0 2 |a Кузбасский политехнический институт  |c (Кемерово)  |c (1965-1993)  |2 stltpush  |3 (RuTPU)RU\TPU\col\4382  |9 23965 
801 1 |a RU  |b 63413507  |c 20200810 
801 2 |a RU  |b 63413507  |c 20210304  |g RCR 
942 |c BK